000 00404nam a22001337a 4500
020 _qPB.
040 _cFIZZA ISHAQ
082 _a658.8
_bFOS
100 _aFossler ,Stephen.
_9133791
245 _aFossler's Guide to Planning & Promoting Your Business Anniversary /
_cStephen Fossler.
260 _aNew York:
_bStephen Fossler Company, Inc.
_c1989.
300 _a96 P. ;
_c8 X 5.4 inches
942 _2ddc
_cBK
999 _c616751
_d616751